| 000 | 00697cam a2200229 4500 | ||
|---|---|---|---|
| 008 | 090401t1999 xxu||||| |||| 00| 0 eng d | ||
| 020 | _a0632050918 | ||
| 035 | _a(Sirsi) u91068 | ||
| 041 | _aeng | ||
| 050 | _a694.01 | ||
| 100 | _aKermani, Abdy | ||
| 245 | _aStructural timber design. | ||
| 260 |
_aOxford _bBlackwell Science _c1999 |
||
| 300 | _axii,268p. : ill. ; 24cm. | ||
| 350 | _a22.5 | ||
| 520 | _aA step-by-step guide to the design of timber elements and connections including a review of BS 5268: Part 2: 1996 and the proposed Eurpcode 5. | ||
| 650 | _aSTRUCTURAL DESIGN | ||
| 650 | _aTIMBER STRUCTURES | ||
| 690 | _aBUILT ENVIRONMENT | ||
| 942 | _n0 | ||
| 948 | _c02/02/1999 | ||
| 999 |
_c97606 _d97606 |
||